000 00454nam a2200181 a 4500
001 1758255547844
003 ACL
005 20250919095254.0
008 250919s2009##################000#0#eng##
020 _a9780743289542
082 0 4 _a937.05092
_bFRE
100 1 _aFreeman, Philip,
_eauthor.
245 1 0 _aJulius Caesar :
260 _bSimon & Schuster,
_c2009.
650 0 _aBiography & Autobiography.
942 _cENGLISH
040 _aACL
_beng
_cACL
999 _c587894
_d587894